|
|
|
|
| LEADER |
01104nam a2200301 a 4500 |
| 001 |
c000072323 |
| 003 |
CARM |
| 005 |
20000920210218.0 |
| 008 |
730625r19721899at 000 1 eng d |
| 019 |
1 |
|
|a 1631398
|5 LACONCORD2021
|
| 020 |
|
|
|a 0851793797 :
|c $1.75 Aust.
|
| 020 |
|
|
|a 0851793797
|
| 035 |
|
|
|a (OCoLC)9115137
|5 LACONCORD2021
|
| 040 |
|
|
|a ANB
|b eng
|c ANB
|d NU
|
| 042 |
|
|
|a anuc
|
| 050 |
|
4 |
|a PR8216.E83
|b P3 1972
|
| 082 |
0 |
4 |
|a 823/.1
|
| 082 |
0 |
4 |
|a 823/1
|
| 100 |
1 |
|
|a Newland, Simpson,
|d 1835-1925.
|
| 245 |
1 |
0 |
|a Paving the way :
|b a romance of the Australian bush /
|c by Simpson Newland.
|
| 260 |
|
|
|a Adelaide :
|b Rigby,
|c 1972.
|
| 300 |
|
|
|a 416p. ;
|c 19cm.
|
| 440 |
|
0 |
|a Seal books
|
| 500 |
|
|
|a Novels in English. Australian writers, to 1890. Texts (ANB/PRECIS SIN 600102440)
|
| 500 |
|
|
|a First published, Philadelphia, Pa. ; Drexel & Biddle, 1899.
|
| 852 |
8 |
|
|b CARM
|h A2:AB02G0
|i A00596
|p 0089316
|f BK
|
| 999 |
f |
f |
|i e49fe30d-04ca-5fc7-b10f-86aa9e5f0eeb
|s 80c9f724-3d07-5757-be59-669b47611e72
|
| 952 |
f |
f |
|p Can circulate
|a CAVAL
|b CAVAL
|c CAVAL
|d CARM 1 Store
|e A00596
|f A2:AB02G0
|h Other scheme
|i book
|m 0089316
|